| 000 | 00558nam a2200193 4500 | ||
|---|---|---|---|
| 001 | VA43946 | ||
| 003 | ES-SlBCS | ||
| 005 | 20210601155903.0 | ||
| 008 | 140520s1960 xxu||||| |||| 00| 0 spa d | ||
| 041 | _aspa | ||
| 100 | 1 |
_aD'arcy, M. C. _964847 |
|
| 245 | 1 | 0 |
_aDolor y Providencia _cM. C. D'Arcy; Julio Aguilar |
| 260 |
_aMadrid : _bStudium _c, 1960 |
||
| 300 |
_a125 p.; _c18 cm |
||
| 500 | _aTít. orig.: The Pain of the World and the Providence of God | ||
| 650 | 0 | 4 |
_aDolor-Providencia Divina _9384998 |
| 700 | 1 |
_aAguilar, Julio _928161 |
|
| 942 | _cBK | ||
| 999 |
_c823071 _d823071 |
||